00309nam a2200121Ia 4500008004000000020001800040082001600058100001700074245004000091250000500131260003900136300001200175210210b2002 xxu||||| |||| 00| 0 eng d a81 7033 413 6 a310/156 UGC aAHUJA (Ram). aSocial problems in India. Rev Ed 2. a aJaipurbRawat Publications.,c2002 axii,508